| 000 | 00618cam a22002172a 4500 | ||
|---|---|---|---|
| 001 | 021326 | ||
| 003 | AR-FADEU | ||
| 008 | 311216n2010####xxu####################dd | ||
| 020 | _a978-987-1543-58-8 | ||
| 092 |
_a378 _bM726p _eCL |
||
| 100 | _aMollis, Marcela | ||
| 245 | _aPolíticas de posgrado y conocimiento público en América Latina y el Caribe : desafíos y perspectivas | ||
| 260 | _aBuenos Aires | ||
| 260 | _bCLACSO | ||
| 260 | _c2010 | ||
| 300 | _a164 p | ||
| 440 | _aRed Clacso de posgrados | ||
| 500 | _aIncluye bibliografía | ||
| 650 | _aENSEÑANZA SUPERIOR-POSGRADOS/CL/ | ||
| 942 | _cCLACSO | ||
| 999 |
_c27044 _d27044 |
||